| 000 | 00673 a2200193 4500 | ||
|---|---|---|---|
| 999 |
_c6604 _d6604 |
||
| 020 | _a9780444634894 | ||
| 050 | 0 | 0 | _aQC 795 LAN 2016 |
| 100 | 1 |
_aL'Annunziata, Michael F., _eauthor |
|
| 245 | 1 | 0 |
_aRadioactivity : _bintroduction and history, from the Quantum to Quarks / _cMichael F. L'Annunziata |
| 250 | _a2nd ed. | ||
| 264 | 1 |
_aAmsterdam ; _aBoston : _bElsevier, _c2016 |
|
| 300 |
_a902p.: _bill.(col.) |
||
| 500 | _aIncludes bibliographical references and index | ||
| 504 | _aIncludes bibliographical references and index | ||
| 650 | 0 | _aRadioactivity. | |
| 650 | 0 |
_aRadioactivity _xHistory. |
|
| 650 | 0 | _aNuclear physicists. | |
| 942 |
_2lcc _cBK _e2nd ed. _h795 _iLAN _kQC |
||